<?xml version="1.0" encoding="UTF-8"?><?xml-stylesheet type="text/xsl" href="static/style.xsl"?><OAI-PMH xmlns="http://www.openarchives.org/OAI/2.0/" xmlns:xsi="http://www.w3.org/2001/XMLSchema-instance" xsi:schemaLocation="http://www.openarchives.org/OAI/2.0/ http://www.openarchives.org/OAI/2.0/OAI-PMH.xsd"><responseDate>2026-04-28T19:48:54Z</responseDate><request verb="GetRecord" identifier="oai:uvadoc.uva.es:10324/4262" metadataPrefix="marc">https://uvadoc.uva.es/oai/request</request><GetRecord><record><header><identifier>oai:uvadoc.uva.es:10324/4262</identifier><datestamp>2021-06-23T16:56:24Z</datestamp><setSpec>com_10324_30605</setSpec><setSpec>com_10324_894</setSpec><setSpec>col_10324_41</setSpec></header><metadata><record xmlns="http://www.loc.gov/MARC21/slim" xmlns:doc="http://www.lyncode.com/xoai" xmlns:xsi="http://www.w3.org/2001/XMLSchema-instance" xmlns:dcterms="http://purl.org/dc/terms/" xsi:schemaLocation="http://www.loc.gov/MARC21/slim http://www.loc.gov/standards/marcxml/schema/MARC21slim.xsd">
<leader>00925njm 22002777a 4500</leader>
<datafield tag="042" ind1=" " ind2=" ">
<subfield code="a">dc</subfield>
</datafield>
<datafield tag="720" ind1=" " ind2=" ">
<subfield code="a">Pacheco, Alexandra Trevisan da Silveira</subfield>
<subfield code="e">author</subfield>
</datafield>
<datafield tag="260" ind1=" " ind2=" ">
<subfield code="c">2013</subfield>
</datafield>
<datafield tag="520" ind1=" " ind2=" ">
<subfield code="a">"Se trata en esta Tesis Doctoral de entender cómo se tradujo la influencia de la arquitectura internacional, particularmente europea, en la arquitectura de Oporto, en un periodo político marcado por el Estado Nuevo.&#xd;
&#xd;
&#xd;
&#xd;
&#xd;
Asumiendo que la arquitectura de Oporto en este periodo se concretó a través de diferentes contribuciones individuales y no a través de grandes protagonistas, proponemos evaluar el grado de implicación de los arquitectos con la ciudad, con el poder político, y la existencia de grupos independientes que de algún modo han creado alternativas basadas en las influencias que provienen del exterior, como es el caso del Movimiento Moderno y de su repercusión en el Grupo ODAM (Organización de los Arquitectos Modernos).&#xd;
&#xd;
&#xd;
&#xd;
&#xd;
Intentaremos también demostrar cómo mediante la vía del diálogo con las instituciones, particularmente con el Ayuntamiento, la creación de obras modernas en Oporto se hizo, en algunos momentos, de un modo más coherente"</subfield>
</datafield>
<datafield tag="024" ind2=" " ind1="8">
<subfield code="a">http://uvadoc.uva.es/handle/10324/4262</subfield>
</datafield>
<datafield tag="024" ind2=" " ind1="8">
<subfield code="a">b1663132</subfield>
</datafield>
<datafield tag="024" ind2=" " ind1="8">
<subfield code="a">10.35376/10324/4262</subfield>
</datafield>
<datafield ind1=" " ind2=" " tag="653">
<subfield code="a">Arquitectura moderna-Siglo XX-Portugal-Oporto-Influencia Europea</subfield>
</datafield>
<datafield tag="245" ind1="0" ind2="0">
<subfield code="a">Influências Internacionais na Arquitectura Moderna no Porto (1926-1956</subfield>
</datafield>
</record></metadata></record></GetRecord></OAI-PMH>